[Event "Battle of Crete 6th"]
[Site "Crete"]
[Date "1996.??.??"]
[Round "?"]
[White "Kulak, Dejan"]
[Black "Sinadinovic, Andjelko"]
[Result "1/2-1/2"]
[WhiteElo "2275"]
[BlackElo "2245"]
[PlyCount "23"]
[EventDate "1996.??.??"]
[EventType "swiss"]
[EventRounds "5"]
[EventCountry "GRE"]
[SourceTitle "EXT 2003"]
[Source "ChessBase"]
[SourceDate "2002.11.25"]
[SourceVersion "1"]
[SourceVersionDate "2002.11.25"]
[SourceQuality "1"]

1. d4 Nf6 2. c4 g6 3. Nc3 Bg7 4. e4 d6 5. Nf3 0-0 6. Be2 Nc6 7. 0-0 e5 8. d5 Ne7 9. Ne1 Nd7 10. Nd3 f5 11. f3 f4 12. Rb1 1/2-1/2

[Event "YUG-chT Cup"]
[Site "Becici"]
[Date "1994.??.??"]
[Round "?"]
[White "Sinadinovic, Andjelko"]
[Black "Kresojevic, Vasa"]
[Result "1/2-1/2"]
[WhiteElo "2300"]
[BlackElo "2245"]
[PlyCount "22"]
[EventDate "1994.??.??"]
[EventType "team"]
[EventRounds "6"]
[EventCountry "YUG"]
[SourceTitle "EXT 2000"]
[Source "ChessBase"]
[SourceDate "1999.11.16"]
[SourceVersion "1"]
[SourceVersionDate "1999.11.16"]
[SourceQuality "1"]

1. d4 d5 2. c4 e6 3. Nf3 Nf6 4. Bg5 Nbd7 5. e3 c6 6. Nc3 Be7 7. Qc2 0-0 8. cxd5 exd5 9. Bd3 Re8 10. 0-0 Nf8 11. Rab1 h6 1/2-1/2

[Event "YUG-ch"]
[Site "Kladovo"]
[Date "1991.??.??"]
[Round "2"]
[White "Cetkovic, Miodrag"]
[Black "Sinadinovic, Andjelko"]
[Result "1/2-1/2"]
[WhiteElo "2250"]
[BlackElo "2365"]
[PlyCount "49"]
[EventDate "1991.02.??"]
[EventType "swiss"]
[EventRounds "13"]
[EventCountry "YUG"]
[SourceTitle "TD"]
[Source "ChessBase"]
[SourceDate "1994.03.01"]
[SourceVersion "1"]
[SourceVersionDate "1994.03.01"]
[SourceQuality "1"]

1. e4 e5 2. Nf3 Nc6 3. d4 exd4 4. c3 d3 5. Bxd3 d6 6. Nd4 Nf6 7. 0-0 Be7 8. f4 0-0 9. Nd2 Re8 10. N2f3 Bf8 11. Qc2 g6 12. Bd2 Bd7 13. Rae1 Bg7 14. Ng5 Re7 15. Nxc6 Bxc6 16. Bc4 d5 17. exd5 Bxd5 18. Bxd5 Nxd5 19. f5 Rxe1 20. Rxe1 c6 21. fxg6 hxg6 22. Bc1 Qb6+ 23. Kh1 Rd8 24. Qe2 Nf6 25. Ne4 1/2-1/2

[Event "YUG-ch"]
[Site "Kladovo"]
[Date "1991.??.??"]
[Round "1"]
[White "Sinadinovic, Andjelko"]
[Black "Popovic, Petar"]
[Result "0-1"]
[WhiteElo "2365"]
[BlackElo "2510"]
[PlyCount "109"]
[EventDate "1991.02.??"]
[EventType "swiss"]
[EventRounds "13"]
[EventCountry "YUG"]
[SourceTitle "TD"]
[Source "ChessBase"]
[SourceDate "1994.03.01"]
[SourceVersion "1"]
[SourceVersionDate "1994.03.01"]
[SourceQuality "1"]

1. d4 Nf6 2. c4 g6 3. Nc3 Bg7 4. e4 d6 5. f3 0-0 6. Be3 b6 7. Bd3 Nfd7 8. Nge2 c5 9. d5 Ne5 10. 0-0 a6 11. a4 e6 12. Ng3 exd5 13. cxd5 Nxd3 14. Qxd3 Nd7 15. f4 Rb8 16. Rf2 Qc7 17. e5 dxe5 18. f5 c4 19. Qe2 b5 20. axb5 axb5 21. Ra7 Qd8 22. Nce4 Bb7 23. f6 Bh8 24. Qd2 Nxf6 25. Nc5 Ba8 26. d6 b4 27. Na6 c3 28. bxc3 bxc3 29. Qxc3 Rb1+ 30. Nf1 Ne4 31. Qd3 Ra1 32. d7 Nxf2 33. Bxf2 e4 34. Qd6 Rb1 35. Nb4 e3 36. Bxe3 Bg7 37. Bb6 Qh4 38. g3 Qxb4 39. Qxb4 Rxb4 40. Rxa8 Rxa8 41. d8Q+ Rxd8 42. Bxd8 Rb2 43. Bg5 Bd4+ 44. Kh1 Rf2 45. Nd2 f6 46. Nb3 Bb6 47. Bf4 g5 48. Bd6 Rb2 49. Nc5 g4 50. h4 Rd2 51. Nb7 Kf7 52. Bf4 Re2 53. Nd6+ Ke6 54. Nc4 Bd4 55. Na5 0-1

[Event "YUG-ch"]
[Site "Kladovo"]
[Date "1991.??.??"]
[Round "10"]
[White "Stankovic, Bozidar"]
[Black "Sinadinovic, Andjelko"]
[Result "1-0"]
[WhiteElo "2300"]
[BlackElo "2365"]
[PlyCount "100"]
[EventDate "1991.02.??"]
[EventType "swiss"]
[EventRounds "13"]
[EventCountry "YUG"]
[SourceTitle "TD"]
[Source "ChessBase"]
[SourceDate "1994.03.01"]
[SourceVersion "1"]
[SourceVersionDate "1994.03.01"]
[SourceQuality "1"]

1. d4 Nf6 2. c4 e6 3. Nc3 d5 4. cxd5 exd5 5. Bg5 Be7 6. e3 c6 7. Bd3 Nbd7 8. Qc2 0-0 9. Nf3 Re8 10. 0-0 Nf8 11. h3 Ne4 12. Bxe7 Qxe7 13. Bxe4 dxe4 14. Nd2 f5 15. d5 Qf7 16. dxc6 bxc6 17. Na4 Be6 18. Nc5 Bd5 19. Ndb3 f4 20. exf4 Qxf4 21. Rae1 Re5 22. Nd2 Rae8 23. Re3 Ne6 24. Nxe6 R8xe6 25. Rfe1 Rg6 26. Nxe4 Qf5 27. f3 Kh8 28. Qe2 h6 29. Ng3 Rxe3 30. Nxf5 Rxe2 31. Rxe2 Bxa2 32. Re8+ Kh7 33. Re7 a6 34. Ra7 Bc4 35. Rc7 Bb5 36. h4 Bd3 37. Nd4 Bb5 38. g4 Kg8 39. Nf5 Kf8 40. h5 Rg5 41. Kf2 Bd3 42. Nd4 Re5 43. Rxc6 Re7 44. Rd6 Kf7 45. Kg3 Rb7 46. Nc6 Rxb2 47. Rxd3 Ra2 48. Rd7+ Kf6 49. Rd6+ Kf7 50. Nb4 Ke7 1-0

[Event "YUG-ch"]
[Site "Kladovo"]
[Date "1991.??.??"]
[Round "8"]
[White "Strikovic, Aleksa"]
[Black "Sinadinovic, Andjelko"]
[Result "1-0"]
[WhiteElo "2495"]
[BlackElo "2365"]
[PlyCount "115"]
[EventDate "1991.02.??"]
[EventType "swiss"]
[EventRounds "13"]
[EventCountry "YUG"]
[SourceTitle "TD"]
[Source "ChessBase"]
[SourceDate "1994.03.01"]
[SourceVersion "1"]
[SourceVersionDate "1994.03.01"]
[SourceQuality "1"]

1. e4 e5 2. Nf3 Nc6 3. Bb5 a6 4. Ba4 Nf6 5. Qe2 d6 6. c3 Be7 7. 0-0 0-0 8. Rd1 b5 9. Bb3 Na5 10. Bc2 c5 11. d4 Qc7 12. Bg5 Nc6 13. d5 Nb8 14. a4 b4 15. a5 Bg4 16. Nbd2 bxc3 17. bxc3 Nxd5 18. exd5 Bxg5 19. Qd3 g6 20. Nxg5 Bxd1 21. Bxd1 h6 22. Ngf3 f5 23. Qe3 e4 24. Ne1 Kg7 25. Nc4 Nd7 26. Ba4 Nf6 27. Bc6 Rab8 28. f4 exf3 29. Nxf3 Rf7 30. Nfd2 Re7 31. Qg3 Ne8 32. Re1 Nf6 33. h3 Rd8 34. Rb1 Nh5 35. Qh4 Rf7 36. Re1 Rf6 37. Rb1 Rb8 38. Rb6 Qa7 39. Qe1 Qc7 40. Rxa6 Rf7 41. Rb6 Nf4 42. Kh2 Qd8 43. Rxb8 Qxb8 44. g3 Nh5 45. Qe6 Qd8 46. Qxd6 Qg5 47. Qe5+ Kh7 48. d6 Qd8 49. Bd5 Ra7 50. Bf3 f4 51. g4 Qh4 52. gxh5 Qg3+ 53. Kh1 Qxh3+ 54. Kg1 gxh5 55. Qxf4 Rg7+ 56. Kf2 h4 57. Ne4 Ra7 58. d7 1-0

[Event "Belgrade op"]
[Site "Belgrade"]
[Date "1989.??.??"]
[Round "9"]
[White "Crepan, Marjan"]
[Black "Sinadinovic, Andjelko"]
[Result "1-0"]
[WhiteElo "2380"]
[BlackElo "2340"]
[PlyCount "77"]
[EventDate "1989.11.??"]
[EventType "swiss"]
[EventRounds "9"]
[EventCountry "YUG"]
[SourceTitle "EXT 1997"]
[Source "ChessBase"]
[SourceDate "1996.11.15"]
[SourceVersion "1"]
[SourceVersionDate "1996.11.15"]
[SourceQuality "1"]

1. e4 e5 2. Nf3 Nc6 3. d4 exd4 4. Bc4 Nf6 5. 0-0 d6 6. Nxd4 Be7 7. Nc3 0-0 8. Re1 Bd7 9. h3 a6 10. a4 Re8 11. Bg5 h6 12. Bh4 Ne5 13. Bb3 c6 14. f4 Ng6 15. Bg3 Qb6 16. Kh1 c5 17. Nf5 Bf8 18. Qf3 Rac8 19. Ne3 Bc6 20. Ncd5 Nxd5 21. Nxd5 Bxd5 22. Bxd5 Ne7 23. Bc4 Qxb2 24. f5 Nc6 25. Rab1 Qxc2 26. Bd5 Qd2 27. f6 Nd4 28. Bxf7+ Kxf7 29. Qh5+ g6 30. Rxb7+ Be7 31. Qd5+ Kf8 32. Rf1 Qg5 33. fxe7+ Kg7 34. Qf7+ Kh8 35. Bxd6 Nc6 36. Rc7 Ne5 37. Bxe5+ Qxe5 38. Rxc8 Rxc8 39. Qf8+ 1-0

[Event "Belgrade op"]
[Site "Belgrade"]
[Date "1989.??.??"]
[Round "6"]
[White "Ristic, Nebojsa M"]
[Black "Sinadinovic, Andjelko"]
[Result "1/2-1/2"]
[WhiteElo "2325"]
[BlackElo "2340"]
[PlyCount "92"]
[EventDate "1989.11.??"]
[EventType "swiss"]
[EventRounds "9"]
[EventCountry "YUG"]
[SourceTitle "EXT 1997"]
[Source "ChessBase"]
[SourceDate "1996.11.15"]
[SourceVersion "1"]
[SourceVersionDate "1996.11.15"]
[SourceQuality "1"]

1. d4 d5 2. c4 e6 3. Nf3 c5 4. cxd5 exd5 5. g3 Nc6 6. Bg2 Nf6 7. Nc3 Be7 8. 0-0 0-0 9. Bg5 c4 10. Ne5 Be6 11. Nxc6 bxc6 12. b3 Qa5 13. Qd2 Bb4 14. Bxf6 gxf6 15. Rfc1 Rac8 16. bxc4 dxc4 17. a3 Be7 18. Qe3 Rfd8 19. Rd1 Kg7 20. h4 Rb8 21. Ne4 Rb3 22. Qf4 Rxa3 23. Rac1 c5 24. d5 Rxd5 25. Rxd5 Bxd5 26. Nxf6 Bxf6 27. Bxd5 h5 28. Kg2 c3 29. Qf5 Qc7 30. Qxh5 Ra4 31. e4 Rd4 32. Re1 Qd7 33. Kg1 c2 34. e5 Bd8 35. e6 fxe6 36. Bb3 Rd1 37. Qg4+ Kf8 38. Rxd1 Qxd1+ 39. Qxd1 cxd1Q+ 40. Bxd1 e5 41. Kg2 c4 42. Kf3 Bb6 43. g4 a5 44. g5 e4+ 45. Ke2 Kg7 46. Bc2 Kg6 1/2-1/2

[Event "Caorle op"]
[Site "Caorle"]
[Date "1989.??.??"]
[Round "8"]
[White "Sinadinovic, Andjelko"]
[Black "Barle, Janez"]
[Result "0-1"]
[WhiteElo "2000"]
[BlackElo "2420"]
[PlyCount "52"]
[EventDate "1989.07.??"]
[EventType "swiss"]
[EventRounds "8"]
[EventCountry "ITA"]
[SourceTitle "EXT 2000"]
[Source "ChessBase"]
[SourceDate "1999.11.16"]
[SourceVersion "1"]
[SourceVersionDate "1999.11.16"]
[SourceQuality "1"]

1. d4 Nf6 2. c4 e6 3. Nf3 d5 4. Bg5 Bb4+ 5. Nbd2 dxc4 6. Qa4+ Nc6 7. e3 Qd5 8. Bxf6 gxf6 9. Qc2 b5 10. a4 Ba6 11. axb5 Bxb5 12. Be2 Bxd2+ 13. Qxd2 0-0 14. 0-0 Ne7 15. Qb4 Nf5 16. b3 Nd6 17. Rfc1 a5 18. Rxa5 Rxa5 19. Qxa5 cxb3 20. Bd1 b2 21. Rb1 Ra8 22. Qd2 Nc4 23. Qc3 Ra3 24. Bb3 Qe4 25. Qc2 Qxc2 26. Bxc2 Ra1 0-1

[Event "Caorle op"]
[Site "Caorle"]
[Date "1989.??.??"]
[Round "4"]
[White "Sinadinovic, Andjelko"]
[Black "Cardinali, Marco"]
[Result "1-0"]
[WhiteElo "2000"]
[BlackElo "2020"]
[PlyCount "63"]
[EventDate "1989.07.??"]
[EventType "swiss"]
[EventRounds "8"]
[EventCountry "ITA"]
[SourceTitle "EXT 2000"]
[Source "ChessBase"]
[SourceDate "1999.11.16"]
[SourceVersion "1"]
[SourceVersionDate "1999.11.16"]
[SourceQuality "1"]

1. d4 Nf6 2. c4 e6 3. Nf3 Bb4+ 4. Bd2 Qe7 5. g3 b6 6. Bg2 Bb7 7. 0-0 Bxd2 8. Nbxd2 d6 9. Qc2 Nbd7 10. e4 e5 11. d5 0-0 12. b4 a5 13. a3 Nh5 14. Nb3 a4 15. Nc1 g6 16. Bh3 Bc8 17. Ne2 Ndf6 18. Bxc8 Rfxc8 19. Kg2 Qd7 20. h3 c6 21. Qd3 cxd5 22. cxd5 Ne8 23. Rac1 Rc7 24. Rxc7 Nxc7 25. Rc1 Qb5 26. Qe3 Ne8 27. Rc6 Rb8 28. Nc3 Qa6 29. b5 Qa7 30. Nd2 Kf8 31. Nc4 Ke7 32. Nxb6 1-0

[Event "Caorle op"]
[Site "Caorle"]
[Date "1989.??.??"]
[Round "1"]
[White "Sinadinovic, Andjelko"]
[Black "Ruzzier, Dario"]
[Result "1-0"]
[WhiteElo "2000"]
[BlackElo "1960"]
[PlyCount "47"]
[EventDate "1989.07.??"]
[EventType "swiss"]
[EventRounds "8"]
[EventCountry "ITA"]
[SourceTitle "EXT 2000"]
[Source "ChessBase"]
[SourceDate "1999.11.16"]
[SourceVersion "1"]
[SourceVersionDate "1999.11.16"]
[SourceQuality "1"]

1. d4 Nf6 2. c4 e6 3. Nf3 b6 4. g3 Bb7 5. Bg2 Be7 6. 0-0 0-0 7. Nc3 Ne4 8. Qc2 Nxc3 9. bxc3 d5 10. cxd5 exd5 11. Ne5 Qc8 12. Qb3 Qe6 13. f4 f5 14. e4 Rd8 15. exf5 Qxf5 16. g4 Qf8 17. f5 c5 18. g5 c4 19. Qd1 b5 20. f6 gxf6 21. gxf6 Bd6 22. Qg4+ Kh8 23. Ng6+ hxg6 24. Qh4+ 1-0

[Event "Belgrade GMA op"]
[Site "Belgrade"]
[Date "1988.??.??"]
[Round "?"]
[White "Arnason, Jon Loftur"]
[Black "Sinadinovic, Andjelko"]
[Result "1-0"]
[WhiteElo "2535"]
[BlackElo "2350"]
[PlyCount "149"]
[EventDate "1988.12.??"]
[EventType "swiss"]
[EventRounds "9"]
[EventCountry "YUG"]
[SourceTitle "TD"]
[Source "ChessBase"]
[SourceDate "1994.03.01"]
[SourceVersion "1"]
[SourceVersionDate "1994.03.01"]
[SourceQuality "1"]

1. e4 e5 2. Nf3 Nc6 3. Bb5 a6 4. Ba4 Nf6 5. 0-0 Be7 6. Re1 b5 7. Bb3 d6 8. c3 0-0 9. h3 Bb7 10. d4 Re8 11. Nbd2 Bf8 12. a3 h6 13. Ba2 Nb8 14. d5 c5 15. b4 c4 16. a4 Nbd7 17. Bb1 Nb6 18. Bc2 Qc7 19. Nb1 Bc8 20. Be3 Bd7 21. a5 Nc8 22. Nh2 Ne7 23. Qf3 Nh7 24. Nd2 g5 25. h4 Ng6 26. hxg5 hxg5 27. g3 Be7 28. Kg2 Kg7 29. Rh1 Rh8 30. Ng4 Nf6 31. Bb6 Qb7 32. Ne3 g4 33. Qe2 Rh5 34. Rxh5 Nxh5 35. Kg1 Rh8 36. Nf5+ Kf8 37. Qxg4 Ngf4 38. Nf1 Rg8 39. Qf3 Bxf5 40. exf5 Nf6 41. Ne3 Nd3 42. Rd1 Ke8 43. Qh1 e4 44. Bd4 Ng4 45. Qh7 Rg5 46. Nxg4 Rxg4 47. Qh3 Rg5 48. Be3 Qxd5 49. Bxg5 Bxg5 50. Qg4 Bf6 51. Rd2 Qe5 52. Re2 d5 53. Qg8+ Ke7 54. Qc8 Qd6 55. Qb7+ Kf8 56. Qb6 Ke7 57. Qb7+ Ke8 58. Qc8+ Bd8 59. Kg2 Ke7 60. Re3 Ne5 61. Bd1 Nd7 62. Qb7 Kf8 63. Bh5 Bc7 64. Qc8+ Kg7 65. Re1 Kf6 66. Rh1 Ne5 67. Be2 Qd7 68. Qxa6+ Bd6 69. Qa8 Qxf5 70. Qxd5 Ke7 71. Rd1 Qg6 72. Bh5 Qf6 73. a6 Bc7 74. Qc5+ Bd6 75. Rxd6 1-0

[Event "Caorle op"]
[Site "Caorle"]
[Date "1988.??.??"]
[Round "7"]
[White "Barle, Janez"]
[Black "Sinadinovic, Andjelko"]
[Result "1-0"]
[WhiteElo "2425"]
[BlackElo "2230"]
[PlyCount "99"]
[EventDate "1988.??.??"]
[EventType "swiss"]
[EventRounds "8"]
[EventCountry "ITA"]
[SourceTitle "EXT 1999"]
[Source "ChessBase"]
[SourceDate "1998.11.16"]
[SourceVersion "1"]
[SourceVersionDate "1998.11.16"]
[SourceQuality "1"]

1. Nf3 d5 2. g3 c5 3. Bg2 Nc6 4. d4 e6 5. 0-0 Nf6 6. c4 Be7 7. cxd5 exd5 8. Nc3 0-0 9. Bg5 c4 10. Ne5 Be6 11. Qd2 Nd7 12. Bxe7 Nxe7 13. f4 f6 14. Nxd7 Qxd7 15. e4 b5 16. Rfe1 Bf7 17. exd5 Nxd5 18. Ne4 b4 19. Nc5 Qf5 20. Be4 Qh3 21. f5 c3 22. bxc3 bxc3 23. Qd3 Rab8 24. Bg2 Qh5 25. Nd7 Nb4 26. Qxc3 Rfc8 27. Qf3 Qxf3 28. Bxf3 Rb5 29. Reb1 Rd8 30. a4 Rxf5 31. Be4 Rxd7 32. Rxb4 Rfd5 33. Bxd5 Bxd5 34. Rc1 Kf7 35. a5 g5 36. Rc5 h5 37. Kf2 Ke6 38. Ke3 Kd6 39. Rb8 Re7+ 40. Kf2 Rd7 41. Rcc8 Rh7 42. Rd8+ Ke6 43. Rb5 Bb7 44. d5+ Ke5 45. d6+ Ke6 46. Rc5 Rh6 47. Rc7 Bh1 48. Re7+ Kd5 49. d7 Kd6 50. Ree8 1-0

[Event "Caorle op"]
[Site "Caorle"]
[Date "1988.??.??"]
[Round "4"]
[White "Brod, Manfred"]
[Black "Sinadinovic, Andjelko"]
[Result "0-1"]
[WhiteElo "2000"]
[BlackElo "2230"]
[PlyCount "80"]
[EventDate "1988.??.??"]
[EventType "swiss"]
[EventRounds "8"]
[EventCountry "ITA"]
[SourceTitle "EXT 1999"]
[Source "ChessBase"]
[SourceDate "1998.11.16"]
[SourceVersion "1"]
[SourceVersionDate "1998.11.16"]
[SourceQuality "1"]

1. e4 e5 2. Nf3 Nc6 3. Bc4 Be7 4. 0-0 Nf6 5. d3 0-0 6. Nc3 d6 7. h3 Na5 8. Bb3 a6 9. Be3 Ne8 10. Ne2 Nxb3 11. axb3 f5 12. exf5 Bxf5 13. Ng3 Bg6 14. d4 e4 15. Nd2 d5 16. c4 c6 17. f3 Bd6 18. Ne2 Nf6 19. Bf4 exf3 20. Rxf3 Bh5 21. g4 Nxg4 22. Bxd6 Qxd6 23. hxg4 Bxg4 24. Rxf8+ Rxf8 25. Qe1 Qf6 26. cxd5 Rc8 27. Qg3 Bxe2 28. dxc6 Qxd4+ 29. Qf2 Qxd2 30. cxb7 Qg5+ 31. Kh2 Qh5+ 32. Kg1 Qg4+ 33. Kh2 Qf3 34. Qd4 Qxb7 35. Re1 Bb5 36. Rd1 Rc2+ 37. Kg3 Qg2+ 38. Kf4 Qf2+ 39. Qxf2 Rxf2+ 40. Ke5 h6 0-1

[Event "Caorle op"]
[Site "Caorle"]
[Date "1988.??.??"]
[Round "2"]
[White "Leoncini, Mario"]
[Black "Sinadinovic, Andjelko"]
[Result "1/2-1/2"]
[WhiteElo "2035"]
[BlackElo "2230"]
[PlyCount "65"]
[EventDate "1988.??.??"]
[EventType "swiss"]
[EventRounds "8"]
[EventCountry "ITA"]
[SourceTitle "EXT 1999"]
[Source "ChessBase"]
[SourceDate "1998.11.16"]
[SourceVersion "1"]
[SourceVersionDate "1998.11.16"]
[SourceQuality "1"]

1. e4 e5 2. Nf3 Nc6 3. Bb5 Qf6 4. Nc3 Nge7 5. d3 h6 6. 0-0 a6 7. Ba4 b5 8. Bb3 d6 9. Nd5 Nxd5 10. Bxd5 Bb7 11. Be3 Be7 12. Ne1 0-0 13. c3 Na5 14. Bxb7 Nxb7 15. Qg4 Qe6 16. Qxe6 fxe6 17. f4 exf4 18. Rxf4 Bf6 19. Rf2 c5 20. Nc2 Na5 21. Rd1 Nc6 22. d4 cxd4 23. Nxd4 Nxd4 24. Bxd4 Bxd4 25. Rxd4 Rxf2 26. Kxf2 Rd8 27. a4 bxa4 28. Rxa4 Rb8 29. b4 Rb6 30. Ke3 e5 31. Kd3 Kf7 32. Ra2 Ke6 33. Ra5 1/2-1/2

[Event "Caorle op"]
[Site "Caorle"]
[Date "1988.??.??"]
[Round "1"]
[White "Sinadinovic, Andjelko"]
[Black "Jovicic, Milos"]
[Result "1/2-1/2"]
[WhiteElo "2230"]
[BlackElo "2365"]
[PlyCount "68"]
[EventDate "1988.??.??"]
[EventType "swiss"]
[EventRounds "8"]
[EventCountry "ITA"]
[SourceTitle "EXT 1999"]
[Source "ChessBase"]
[SourceDate "1998.11.16"]
[SourceVersion "1"]
[SourceVersionDate "1998.11.16"]
[SourceQuality "1"]

1. d4 d5 2. c4 e6 3. Nf3 Nf6 4. Bg5 dxc4 5. Qa4+ Nbd7 6. Qxc4 a6 7. Qc2 c5 8. e3 cxd4 9. exd4 Be7 10. Be2 0-0 11. 0-0 Nb6 12. Nc3 Bd7 13. Ne5 Rc8 14. Qb3 Bc6 15. Nxc6 Rxc6 16. Bf3 Rd6 17. Bxb7 Nfd5 18. Bxd5 Nxd5 19. Bxe7 Nxe7 20. Qa3 Nf5 21. Ne2 Qb6 22. Rfd1 Rfd8 23. Rac1 h5 24. h3 h4 25. Qc3 Nxd4 26. Rxd4 Rxd4 27. Nxd4 Rxd4 28. b3 Qd6 29. Qf3 Qd8 30. Qb7 Rd1+ 31. Rxd1 Qxd1+ 32. Kh2 Qd6+ 33. Kg1 Qd1+ 34. Kh2 Qe2 1/2-1/2